[Event "Montreal 6th"]
[Site "Montreal"]
[Date "2005.08.04"]
[Round "2"]
[White "Efimenko, Zahar"]
[Black "Mikhalevski, Victor"]
[Result "1/2-1/2"]
[WhiteElo "2643"]
[BlackElo "2572"]
[Annotator "Mikhalevski,V"]
[PlyCount "72"]
[EventDate "2005.08.03"]
[EventType "tourn"]
[EventRounds "11"]
[EventCountry "CAN"]
[EventCategory "12"]
[SourceTitle "CBM 109"]
[Source "ChessBase"]
[SourceDate "2005.11.14"]
[SourceVersion "1"]
[SourceVersionDate "2005.11.14"]
[SourceQuality "1"]

{After winning the first game I had to play against the Elo-favourite.} 1. e4
e5 2. Nf3 Nc6 3. Bb5 a6 4. Ba4 Nf6 5. d3 {I considered this move as the first
good sign since Efimenko decided to avoid the open variation of the Ruy Lopez.}
d6 6. c3 g6 7. O-O Bg7 8. Re1 O-O 9. Bg5 {Zahar has chosen a rare, but rather
poisonous line. I've understood that a choice of the line wasn't spontaneous.}
h6 10. Bh4 Qe8 {Unpinning the f6-knight in order to jump to h5, while the
other knight can be unpinned by means of Bd7.} 11. Nbd2 Nh5 {[%cal Gf7f5]
Preparing f5.} 12. Nf1 Bd7 {[%cal Gc6d4] Having in mind an exchange operation
by means of Nd4.} 13. Bb3 $5 $146 {White moves the bishop from a possible
exchange and prevents f5.} ({Earlier White played} 13. Ne3 {Here is a
classical example:} Nf4 (13... Nd4 $5 {was also tested.}) 14. Bg3 b5 15. Bb3
Ne7 16. d4 g5 17. Nf5 $1 Nxf5 18. exf5 Bxf5 19. Bxf4 gxf4 20. dxe5 dxe5 21.
Nxe5 $1 {1-0 Smyslov,V-Ingbrandt,J/Stockholm 1996. and White obtained a
decisive advantage in the following game.}) ({and} 13. Bc2 Bg4 14. Ne3 Qd7 15.
h3 Bxf3 16. Qxf3 Nf4 17. Rad1 Rae8 18. d4 exd4 19. Qxf4 dxe3 20. Qxe3 $14 {
1-0 Del Rio Angelis,S-Korneev,O/Dos Hermanas 2004/CBM 099 ext (89)}) 13... Kh8
{[%cal Gf7f5] Renewing the idea of f5.} 14. Ne3 f5 {I have no choice but to
follow Kh8 with f5.} 15. exf5 gxf5 (15... g5 {weakens the light squares.} 16.
Bg3 Nxg3 17. hxg3 Bxf5 18. Nxf5 Rxf5 19. d4 $14 ({or} 19. Bd5 $5 {with a
pleasant for White position in both cases.})) 16. Nd5 Rc8 17. d4 $1 {[%csl Re8]
[%cal Ge1e8] White is trying to exploit the pin along the e-file.} ({During
the game I was considering} 17. Nd4 {but Black can answer it with} Qg6 $1 {
[%csl Rg2] and after} 18. Nxc6 Bxc6 19. Ne7 $4 {is impossible in view of} Qxg2#
) 17... e4 $6 ({Fritz 8 recommends} 17... Be6 {maintaining the tension in the
centre.} 18. Ne3 Bd7 {which was probably the best defense, however I was
attracted by 19...Be6! Unfortunately it turned out that my calculations had a
hole.}) 18. Nd2 {[%csl Re4][%cal Gf2f3] White prepares f3.} Qg6 19. f3 $1 Be6
$5 {[%csl Rd5,Rg2][%cal Ge6d5,Gh5f4] Black creates the concrete threat of Bxd5
Bxd5 Nf4 with a double attack on d5 and g2.} (19... exf3 20. Qxf3 $16 {is
better for White thanks to weakness of the f5-pawn and passiveness of other
pieces.}) 20. g3 $2 {Fortunately White also missed 21.Qb1! and I succeeded to
obtain counterplay.} (20. fxe4 fxe4 21. Qb1 $1 {[%csl Re4] We both missed this
strong move, after which White wins a pawn.} ({My initial idea can be seen
after} 21. Nxe4 $2 Bxd5 22. Bxd5 Nf4 $19 {[%csl Rd5,Rg2]}) 21... Bf5 22. Bc2 $1
$16 ({Worse is} 22. Nxe4 Rce8 23. Bc2 Qf7 $1 24. Ne3 Bxe4 25. Bxe4 Qf4 {
[%csl Re3,Re4]})) 20... Bxd5 $1 21. Bxd5 Bf6 $1 {[%csl Rg1,Rg3] Exchanging
White's dark-squared bishop Black develops initiative on the kingside.} 22.
Bxf6+ Rxf6 {[%cal Gh5g3] Preparing piece sacrifice on g3.} 23. Nf1 {Efimenko
decides to avoid complications and protects the g3-pawn.} (23. Qb3 $6 {doesn't
reach the goal in view of} Nxg3 $1 24. hxg3 (24. Qxb7 {is too dangerous:} Ne7
25. Kf2 Nh5 26. Rg1 Qe8 $19 {and White is in trouble in view of the threats
Rb8 and Nf4.}) 24... Qxg3+ 25. Kf1 Qh2 $1 26. Re2 $1 Qh1+ 27. Kf2 Qh4+ {
leads to a draw.}) (23. Kh1 $5 e3 24. Nc4 (24. Rxe3 f4 25. Re2 (25. Be4 $2 {
loses to} Nxg3+ $1 26. hxg3 Qh5+ 27. Kg2 fxe3) 25... fxg3 $5 $11 ({In case of} 
25... Nxg3+ 26. hxg3 Qh5+ 27. Rh2 Qxd5 28. g4 $14 {Black remains with a weak
pawn on h6.})) 24... f4 $1 {would lead to a complicated position with mutual
chances.}) 23... Ne7 {A risky, but interesting continuation. This way Black
sacrifices a pawn, but frees the g8-square for the rook.} ({After the game
Zahar offered} 23... Rcf8 $5 {[%cal Gc6e7,Gd6d5] with the idea of Ne7.}) 24.
Bxb7 Rg8 {[%csl Rb7][%cal Gd6d5] Black prepares a positional attack by means
of d5 followed by f4.} 25. d5 {I also considered this move as the best as it
disconnects my pawns. Though it also has a drawback-White's light-squared
bishop is out of the game for the moment.} (25. fxe4 f4 {[%csl Rg1][%cal Gf4g3]
} 26. e5 fxg3 $1 27. exf6 gxh2+ 28. Kf2 ({Of course not} 28. Kxh2 $4 Qg1+ 29.
Kh3 Nf4+ 30. Kh4 Nf5#) 28... Qf5+ 29. Ke3 c6 $1 {[%csl Rb7][%cal Gh2h1]} 30.
fxe7 (30. Nxh2 Nd5+ 31. Kd2 Rg2+ 32. Qe2 $13) 30... h1=Q $13 {[%csl Re3] and
the position can hardly be evaluated by human beings.}) 25... exf3 $1 {[%cal
Gf5f4] I believe this sacrifice of a piece is strong. White shouldn't
underestimate the concentration of the black pieces on the kingside.} 26. Qxf3
{Once again White avoids complications which could arise after 26.Rxe7.} (26.
Rxe7 $5 f4 $1 {Black opens the g-file and gets to the king.} 27. Qb1 $1 {
White has to trade the queens to avoid mate.} fxg3 28. Nxg3 $1 {Before
exchanging the queens White has to eliminate the g-pawn.} (28. Qxg6 $2 {
is bad in view of} gxh2+ $1 (28... f2+ $2 29. Kg2 Nf4+ 30. Kh1 Rfxg6 31. hxg3
Rxg3 32. Nxg3 Rxg3 {[%cal Gg3h3]} 33. Bc8 Rg5 {[%cal Gg5h5]} 34. Re3 (34. Kh2
Rg2+ 35. Kh1 Rg5) 34... Rh5+ 35. Bh3) 29. Kxh2 Rfxg6 {[%csl Rh2][%cal Gg6g2]
and white king is in the mating net. The best White can do here is to enter a
dangerous endgame after} 30. Ne3 Rg2+ $1 31. Nxg2 Rxg2+ 32. Kh3 (32. Kh1 Ng3#)
32... Nf4+ 33. Kh4 Ng6+ 34. Kh3 Nxe7 $17 {[%csl Gf3] and with an extra pawn on
f3 Black is a clear favourite here.}) 28... Nxg3 (28... f2+ 29. Kf1) 29. Qxg6
Ne2+ 30. Kf2 Rgxg6 31. Bxa6 Rg2+ 32. Ke3 Rxh2 $13 {and again a position with
mutual chances arises.}) 26... f4 $1 {[%cal Gf4g3] Black sacrifices the knight
once again.} 27. g4 $1 {White has to give up a pawn to keep the f-file closed.}
({This time accepting the sacrifice loses on the spot.} 27. Rxe7 $2 fxg3 $19 {
[%csl Rg1] with decisive threats.}) 27... Qxg4+ 28. Qxg4 Rxg4+ 29. Kf2 Ng6 {
[%csl Rf2][%cal Gg6h4,Gg4g2] Preparing Nh4. An attack is also possible in the
endgame.} 30. Re8+ $1 Kg7 31. Bc8 $1 {White finds a way to bring the bishop
into play.} (31. Bxa6 Nh4 32. Ke1 Rg2 $132 {looks dangerous for White.}) 31...
Rg5 32. Be6 {[%cal Ge8g8] White has in mind to meet Nh4 with Rg8.} Ne5 (32...
f3 $1 {was my chance to maintain pressure. F.e.} 33. Ne3 (33. Ng3 $2 {is worse.
} Nxg3 34. hxg3 Rh5 35. Kg1 f2+ 36. Kg2 Rg5 37. Rd1 f1=Q+ 38. Rxf1 Nh4+ 39. Kh2
Rxf1 40. gxh4 Rf2+ 41. Kh3 Re5 $17) 33... Nhf4 {[%cal Gf4d3]} 34. Rd1 Nxe6 35.
Rxe6 (35. dxe6 Nf4 36. e7 Nh3+ 37. Ke1 Re6 38. Kd2 Rge5 $19) 35... Rf7 {
[%csl Rf2][%cal Gg6f4,Gf4h3] Preparing Nf4-h3 and Black's initiative shouldn't
be underestimated.}) (32... Nh4 $2 {is wrong.} 33. Rg8+ Kh7 34. Rxg5 hxg5 35.
Nd2) 33. Rd1 {[%csl Gd3][%cal Gd1d4] White protects the d3-square and brings
the rook into play.} (33. Nd2 {[%cal Gd2f3]} f3 $1 {Otherwise White's knight
blocks the pawn.} (33... Rfg6 34. Rg8+ Kh7 35. Rxg6 Kxg6 36. Nf3) 34. Rg8+ Kh7
35. Rxg5 hxg5 36. Ne4 Rf8 37. Nxg5+ Kh6 38. h4 Nf4 $132 {[%cal Gf4d3] with
counterchances.}) 33... Kh7 {[%cal Gf6g6] Moving the king away from the g-file
Black renews the threat of Rfg6.} (33... f3 {[%cal Gh5f4,Gf4d3] was
interesting.} 34. Ne3 Nf4 35. Re7+ Kf8 36. Rxc7 Ned3+ 37. Kf1 Nxb2 38. Rd2 Nxe6
39. dxe6 Rxe6 40. Kf2 $13 {and Black is at least not worse here.}) ({I didn't
want to allow the exchange of a rook as the a6-pawn becomes weak.} 33... Rfg6
34. Rg8+ Kf6 35. Rxg6+ Rxg6 36. Rd4 {[%csl Ra6][%cal Gd4a4,Gf1d2] preparing
Ra4 and Nd2.}) 34. Re7+ Kh8 35. Re8+ (35. Rxc7 {would allow counterplay.} Rfg6
36. Rc8+ Kh7 37. Bh3 Nf6 {[%csl Rf2][%cal Gf6g4]} 38. Rd4 Nfg4+ $36) 35... Kh7
36. Re7+ Kh8 {Neither side can avoid the repetition of moves and so a draw was
agreed. An interesting fighting draw!} (36... Rg7 37. Re8 Rg5 38. Re7+ $11)
1/2-1/2

[Event "ISR-chT 08"]
[Site "Israel"]
[Date "2008.01.05"]
[Round "3.2"]
[White "Kovalev, Andrei"]
[Black "Mikhalevski, Victor"]
[Result "0-1"]
[WhiteElo "2566"]
[BlackElo "2632"]
[Annotator "Mikhalevski,V"]
[PlyCount "108"]
[EventDate "2007.12.26"]
[EventType "team-tourn"]
[EventRounds "11"]
[EventCountry "ISR"]
[SourceTitle "CBM 122"]
[Source "ChessBase"]
[SourceDate "2008.01.30"]
[SourceVersion "1"]
[SourceVersionDate "2008.01.30"]
[SourceQuality "1"]
[WhiteTeam "Ashdod II"]
[BlackTeam "Rishon Le Zion Feldklein"]
[WhiteTeamCountry "ISR"]
[BlackTeamCountry "ISR"]

1. e4 e5 2. Nf3 Nc6 3. Bb5 a6 4. Ba4 Nf6 5. d3 {A possible way to avoid the
Open Variation of the Ruy Lopez, which I usually play.} d6 6. c3 g6 7. Nbd2 Bg7
8. Nf1 O-O 9. Ng3 d5 {I introduced this move in my game against Arakhamia in
the middle of 2007. See below.} (9... b5 {1/2-1/2 Nykopp,M-Holaszek,H/Haifa
1970/EXT 2001 (41). is the main line.}) (9... Nd7 10. O-O Nc5 11. Bc2 $6 (11.
Bxc6 {is better.}) 11... Ne6 {0-1 Mashian,Y (2275)-Liss,E (2505)/Ramat Aviv
1998/CBM 068/[Wedberg] (36)}) 10. Qe2 ({An attempt to win a pawn by means of} 
10. Bxc6 $6 {is clearly wrong.} bxc6 11. Nxe5 $2 Nxe4 $1 12. Nxf7 (12. dxe4
Bxe5 $15 {is also in Black's favour.}) 12... Nxc3 $1 13. Nxd8 Nxd1 14. Kxd1 ({
or} 14. Nxc6 Nxb2 $1 15. Bxb2 Bxb2 16. Rb1 Bc3+ 17. Ke2 Re8+ 18. Kd1 Re6 $17)
14... Rxd8 $15 {and Black is clearly better thanks to the advantage of the
bishop pair.}) 10... Re8 11. O-O b5 (11... h6 $5 {[%csl Rg5] covering the
g5-square also makes sense.}) 12. Bc2 a5 $5 $146 {I prepared this move after
analysing my game against Arakhamia. Its main point is to meet 13. a4 with 13..
.b4 not allowing Arakhamia's 15.a5.} ({Earlier I played} 12... h6 {but after}
13. a4 Be6 14. Rd1 b4 15. a5 $1 {[%cal Gc2a4] 1/2-1/2 Arakhamia Grant,K (2435)
-Mikhalevski,V (2590)/Philadelphia 2007/CBM 119 ext (56). White set some
unpleasant problems, though even here Black should be ok.}) ({It is curious
that an 85 year old game transposed to this position.} 12... Bb7 13. Bg5 d4 14.
Rad1 Qd6 15. cxd4 Nxd4 16. Nxd4 Qxd4 17. Bb3 $1 {1/2-1/2 Treybal,K-Gruenfeld,E/
Teplitz Schoenau 1922/HCL (39). with an approximate equality.}) 13. Bg5 {
[%cal Gc2b3] It looks logical to exploit the hanging position of the d5-pawn.}
d4 $1 {The simplest way to solve a problem with the d5-pawn and to avoid
opening of the position.} ({In the event of} 13... a4 {I didn't like} 14. exd5
({The immediate} 14. d4 {leads to some mess after} exd4 15. Qxb5 Qd7 16. Bxa4
dxe4 17. Qxc6 Rxa4 18. Qxd7 Bxd7 19. Nxd4 Nd5 $44 {with compensation for the
pawn.}) 14... Qxd5 15. Bxf6 Bxf6 16. d4 $1 $36 {[%csl Rb5][%cal Gc2e4]}) 14.
Bb3 {[%cal Gb3d5] White has been preparing to open the c-file after a
preliminary 15.Bd5. So} dxc3 $1 15. bxc3 a4 {Preventing White's a4 and
offering him the choice between the passive 16.Bc2 and 16.Bd5. The former
occurred in the game, while the latter is connected with an exchange of one of
the bishops.} (15... Qd6 $5) 16. Bc2 ({Nevertheless} 16. Bd5 {was better. Now
after} Qd6 (16... Qd7 17. Bxf6 Bxf6 18. d4 $11) 17. Bxf6 Qxf6 {Black is by no
means worse, but White is also ok.} (17... Bxf6 18. d4 Rb8 19. Rfd1 exd4 20.
Bxc6 Qxc6 21. cxd4 $13)) 16... Qd6 $1 {[%csl Rd4][%cal Gf6d7,Gd7f8,Gf8e6,Gb5b4]
My priority is to stop d4. So I have been preparing a transfer of the knight
to e6. An additional idea is b4.} 17. Rac1 {In anticipation of b4 White brings
the rook to the c-file.} Nd7 18. Rfd1 Nf8 19. Be3 $6 {Probably Kovalev missed
my 24th move.} ({The only chance to create counterplay was the immediate} 19.
d4 exd4 20. cxd4 Nxd4 21. Nxd4 Bxd4 22. Be3 Ne6 23. e5 Qb6 24. Ne4 Rd8 $13 {
with a double-edged position.}) 19... Ne6 $15 {Finally the knight has reached
the desired square and secured Black's advantage.} 20. d4 $6 (20. Rb1 $15 {
was a better practical chance, which however would mean that White's plan was
wrong.}) 20... exd4 21. cxd4 Ncxd4 22. Nxd4 Nxd4 23. Bxd4 Bxd4 24. Qxb5 (24.
Qd3 {deserved attention.} Rd8 25. Ne2 Be5 26. Qxb5 Bd7 27. Qb7 Qe7 $17 (27...
Bc6 {allows a reduction in the number of pawns, which is not necessary.} 28.
Rxd6 Bxb7 29. Rxd8+ Rxd8 30. Bxa4 Bxe4)) 24... Bg4 $1 25. Ne2 c5 {Most human
players would make this obvious move. However it turns out that Black had a
hidden tactical resource.} (25... Reb8 $5 26. Qd3 Bb2 27. Rb1 Qxd3 28. Bxd3 Be6
29. Nc1 a3 $17) 26. Re1 Reb8 $1 27. Qd3 Bxe2 28. Rxe2 Rb2 {Thanks to a strong
bishop on d4 and a rook on b2 Black has a clear advantage.} 29. Qc4 (29. a3 {
would be strongly met by} Rb3 $1 30. e5 Qd5 $1 $17 (30... Bxf2+ {gives White
chances to escape.} 31. Kxf2 Qxd3 32. Bxd3 Rxd3 33. Re3 $44)) 29... Qe6 30. Bd3
a3 $1 31. Qxe6 fxe6 32. Kf1 Rf8 $1 {Provoking f3.} 33. f3 (33. Rcc2 $5) 33...
Rfb8 (33... g5 $5) 34. g3 $2 {White misses the fact that after 34...Rxe2 he
can't recapture the rook with the king.} (34. Bc4 $142 Kf7 $17) 34... Rxe2 35.
Bxe2 (35. Kxe2 $2 {loses to} Rb2+ 36. Rc2 $140 c4 $1 $19) 35... Rb2 $19 36. Bc4
Rxh2 $1 (36... Kf7 $5 37. Rd1 Rxh2 38. Be2 Bf2 39. g4 Kf6 40. f4 Bh4 $1 {
is also sufficient for a win, but the move in the text is simpler.}) 37. Bxe6+
Kg7 38. Rc4 Rxa2 {Not resisting the temptation to obtain a strong passed pawn
and thus allowing some counterplay.} (38... Rf2+ $142 39. Ke1 Rxf3 40. g4 Re3+
41. Kd2 Rxe4 42. Bd7 Rf4 $19 {with a clear win.}) 39. f4 (39. Ke1 $5) 39...
Rf2+ 40. Ke1 Rf3 41. Ra4 Rxg3 42. Ra7+ Kf8 $6 $138 ({Initially I planned} 42...
Kh6 $1 {but then found} 43. e5 $2 {[%cal Ge6g8] not noticing the simple} c4 $19
) 43. e5 {[%cal Ge6d5,Ga7f7,Ge5e6,Gd5c6] Now Black has to be careful since
White has a threat.} g5 $1 {Disconnecting the white pawns.} 44. Bd5 ({After} 
44. fxg5 {Black would still have to solve some technical problems.} Bxe5 $17 (
44... Rxg5 $5 $17)) 44... gxf4 45. e6 Re3+ {Stopping the e-pawn.} 46. Kf1 f3 $1
{Threatening f2.} 47. Rf7+ (47. Rxh7 a2 $1 48. Bxa2 Rc3 $1 49. Rf7+ Ke8 50. Ke1
c4 51. Kd2 Rd3+ 52. Kc2 f2 $19 {[%cal Gd3g3,Gg3g1] and Black wins.}) 47... Ke8
48. Bc4 ({or} 48. Bc6+ Kd8 49. Rd7+ Kc8 50. e7 f2 (50... a2 $5) 51. Rd8+ Kc7
52. e8=Q Rxe8 53. Rxe8 Kxc6 54. Ra8 Bb2 55. Kxf2 h5 $19) 48... h5 (48... a2 $1
{wins on the spot.} 49. Bxa2 Ra3 50. Bb1 Rc3 $19) 49. Bb5+ Kd8 50. Rd7+ Kc8 51.
Ba6+ (51. e7 {loses to} f2 52. Rd8+ Kb7 53. e8=Q Rxe8 54. Bxe8 a2 $19) 51...
Kb8 52. Bc4 f2 (52... Rc3 $19 {[%csl Rc4][%cal Gc3c1]}) 53. e7 (53. Kxf2 Rxe6+
54. Kf3 Ra6 $1 $19) 53... a2 $1 {Finally breaking through White's defences.}
54. Rd8+ Kc7 0-1